Aký je súčasný rating slobody a zdravia?

Fakty o imunizácii detí. Ústava a povinné očkovanie. Štrasburský systém ochrany zdravia a povinné očkovanie.

Guardado en:
Detalles Bibliográficos
Autor principal: Erdösová, Andrea
Formato: Capítulo de libro
Lenguaje:eslovaco
Materias:
Etiquetas: Agregar Etiqueta
Sin Etiquetas, Sea el primero en etiquetar este registro!

MARC

LEADER 00000naa a2200000 4500
001 0183503
005 20241125124123.1
041 0 |a slo 
044 |a SK 
245 1 0 |a Aký je súčasný rating slobody a zdravia?  |c Andrea Erdösová 
520 |a Fakty o imunizácii detí. Ústava a povinné očkovanie. Štrasburský systém ochrany zdravia a povinné očkovanie. 
610 2 0 |a ochrana zdravia 
610 2 0 |a očkovanie 
610 2 0 |a Slovensko 
610 2 0 |a Česko 
610 2 0 |a ústava 
610 2 0 |a deti 
610 2 0 |a legislatíva 
100 1 |a Erdösová, Andrea